[Event "ROM-chT U16 Girls"]
[Site "Iasi"]
[Date "2018.07.17"]
[Round "5.3"]
[White "Apostu, Milena Maria"]
[Black "Pufleni, Maria"]
[Result "1-0"]
[WhiteElo "1491"]
[BlackElo "1193"]
[PlyCount "125"]
[EventDate "2018.07.13"]
[EventType "team-tourn"]
[EventRounds "6"]
[EventCountry "ROU"]
[SourceTitle "EXT 2019"]
[Source "ChessBase"]
[SourceDate "2018.10.10"]
[SourceVersion "1"]
[SourceVersionDate "2018.10.10"]
[SourceQuality "1"]
[WhiteTeam "Bucharest Dinamo"]
[BlackTeam "Targu Mures"]
[WhiteTeamCountry "ROU"]
[BlackTeamCountry "ROU"]

1. d4 d5 2. c4 e6 3. Nf3 Nf6 4. Nc3 Be7 5. Bf4 0-0 6. e3 b6 7. cxd5 Nxd5 8. Nxd5 exd5 9. a3 Bf5 10. Rc1 Bd6 11. Bxd6 Qxd6 12. Bd3 Bg6 13. 0-0 Nd7 14. Bxg6 hxg6 15. b4 Rac8 16. Rc3 c5 17. dxc5 bxc5 18. bxc5 Rxc5 19. Qd4 Rfc8 20. Rfc1 Rxc3 21. Rxc3 Rxc3 22. Qxc3 Qc5 23. Qxc5 Nxc5 24. Nd4 a6 25. Nc6 Kf8 26. Nb4 Ke7 27. Nxd5+ Kd6 28. Nc3 Kc6 29. Kf1 Nb3 30. Ke2 Kc5 31. Kd3 Na5 32. Ne4+ Kd5 33. Nc3+ Kc5 34. Na4+ Kd5 35. e4+ Kc6 36. f4 Nb7 37. Kd4 Kd6 38. e5+ Kc6 39. g4 Na5 40. Nc5 Kb6 41. Kd5 Nc6 42. Na4+ Kc7 43. h4 Ne7+ 44. Kc5 Nc6 45. Nc3 Nb8 46. Nd5+ Kd7 47. Kb6 Kc8 48. Nb4 Nd7+ 49. Kxa6 Nc5+ 50. Kb6 Ne6 51. f5 gxf5 52. gxf5 Nd4 53. f6 g6 54. Nc6 Nf3 55. a4 Nxh4 56. a5 g5 57. a6 g4 58. a7 g3 59. a8Q+ Kd7 60. Nd4 g2 61. Qc6+ Kd8 62. Qc7+ Ke8 63. Qe7# 1-0

[Event "ROM-chT U16 Girls"]
[Site "Iasi"]
[Date "2018.07.14"]
[Round "2.3"]
[White "Pufleni, Maria"]
[Black "Apostu, Milena Maria"]
[Result "1-0"]
[WhiteElo "1193"]
[BlackElo "1491"]
[PlyCount "123"]
[EventDate "2018.07.13"]
[EventType "team-tourn"]
[EventRounds "6"]
[EventCountry "ROU"]
[SourceTitle "EXT 2019"]
[Source "ChessBase"]
[SourceDate "2018.10.10"]
[SourceVersion "1"]
[SourceVersionDate "2018.10.10"]
[SourceQuality "1"]
[WhiteTeam "Targu Mures"]
[BlackTeam "Bucharest Dinamo"]
[WhiteTeamCountry "ROU"]
[BlackTeamCountry "ROU"]

1. d4 d5 2. c4 dxc4 3. e3 Nf6 4. Bxc4 e6 5. Nf3 a6 6. a4 c5 7. 0-0 Nbd7 8. Nc3 Be7 9. b3 0-0 10. Bb2 b6 11. Qe2 Bb7 12. Rfd1 Qc7 13. Rac1 cxd4 14. exd4 Bd6 15. h3 Bf4 16. Rc2 Rfd8 17. Bd3 Qd6 18. Ne4 Nxe4 19. Bxe4 Bxe4 20. Qxe4 Nc5 21. Qe2 Nxb3 22. Rc3 Na5 23. Ba3 Qd7 24. Qe4 Bd6 25. Bxd6 Qxd6 26. Ne5 Qd5 27. Qe2 f6 28. Nf3 e5 29. Kh1 Nc6 30. Qd2 e4 31. Ne1 Qxd4 32. Qxd4 Rxd4 33. Ra1 Ne5 34. Rb3 Nd3 35. Nxd3 Rxd3 36. Rxb6 a5 37. Rb5 Kf7 38. Rb7+ Kg6 39. Kh2 e3 40. fxe3 Rxe3 41. Rb5 Re4 42. Rc5 Re5 43. Rc4 Rb8 44. Rd1 Rb4 45. Rxb4 axb4 46. Rb1 Kf5 47. Rxb4 Ke6 48. Rb5 Rxb5 49. axb5 Kd5 50. Kg3 Kc5 51. Kf4 Kxb5 52. Kf5 Kc5 53. Ke6 Kd4 54. Kf7 Ke5 55. Kxg7 Kf5 56. Kxh7 Kg5 57. Kg7 f5 58. Kf7 f4 59. Ke6 Kh4 60. Kf5 Kg3 61. h4 Kxh4 62. Kxf4 1-0

[Event "EU-ch U14 Girls 27th"]
[Site "Mamaia"]
[Date "2017.09.05"]
[Round "1"]
[White "Mkrtchyan, Mariam"]
[Black "Apostu, Milena Maria"]
[Result "1-0"]
[WhiteElo "1794"]
[BlackElo "1463"]
[PlyCount "47"]
[EventDate "2017.09.05"]
[EventType "swiss"]
[EventRounds "9"]
[EventCountry "ROU"]
[SourceTitle "CBM 180 Extra"]
[Source "ChessBase"]
[SourceDate "2017.10.06"]
[SourceVersion "1"]
[SourceVersionDate "2017.10.06"]
[SourceQuality "1"]

1. d4 d5 2. Nf3 c5 3. g3 Nf6 4. Bg2 Nc6 5. 0-0 cxd4 6. Nxd4 e5 7. Nxc6 bxc6 8. c4 Be6 9. Nc3 Qd7 10. Qa4 Rd8 11. Bg5 e4 12. Rfd1 Be7 13. Bxf6 Bxf6 14. Nxe4 Bxb2 15. Rab1 Be5 16. Nc5 Qc8 17. cxd5 Bf5 18. e4 Bg4 19. f3 Bd7 20. Nxd7 Rxd7 21. Bh3 Qc7 22. Bxd7+ Qxd7 23. dxc6 Qc7 24. Rb7 1-0

[Event "ROM-ch U14 Girls"]
[Site "Baile Felix"]
[Date "2017.02.08"]
[Round "8"]
[White "Banciu, Alexandra Ioana"]
[Black "Apostu, Milena Maria"]
[Result "1-0"]
[WhiteElo "1402"]
[BlackElo "1467"]
[PlyCount "56"]
[EventDate "2017.02.02"]
[EventType "swiss"]
[EventRounds "9"]
[EventCountry "ROU"]
[SourceTitle "CBM 176 Extra"]
[Source "ChessBase"]
[SourceDate "2017.03.02"]
[SourceVersion "1"]
[SourceVersionDate "2017.03.02"]
[SourceQuality "1"]

1. e4 c5 2. c3 Nf6 3. e5 Nd5 4. d4 cxd4 5. cxd4 Nc6 6. Nf3 d6 7. h3 dxe5 8. dxe5 Be6 9. Bd2 Qc7 10. Bb5 Bd7 11. Nc3 Nxc3 12. Bxc3 Rd8 13. Qe2 e6 14. 0-0 a6 15. Bd3 Be7 16. Rac1 0-0 17. Qe4 g6 18. Bd2 Rfe8 19. Bh6 f5 20. exf6 Bxf6 21. Ng5 Bc8 22. b3 Rd4 23. Qe3 Qd8 24. Bc4 b5 25. Nxe6 bxc4 26. Nxd8 Rxe3 27. fxe3 Rxd8 28. Rxf6 Ne5 1-0

[Event "ROM-ch U14 Girls"]
[Site "Baile Felix"]
[Date "2017.02.05"]
[Round "4"]
[White "Apostu, Milena Maria"]
[Black "Lehaci, Miruna Daria"]
[Result "0-1"]
[WhiteElo "1467"]
[BlackElo "1840"]
[PlyCount "94"]
[EventDate "2017.02.02"]
[EventType "swiss"]
[EventRounds "9"]
[EventCountry "ROU"]
[SourceTitle "CBM 176 Extra"]
[Source "ChessBase"]
[SourceDate "2017.03.02"]
[SourceVersion "1"]
[SourceVersionDate "2017.03.02"]
[SourceQuality "1"]

1. d4 f5 2. Nf3 Nf6 3. c4 g6 4. Nc3 Bg7 5. Bf4 d6 6. e3 e6 7. c5 Ne4 8. cxd6 Nxd6 9. Be2 0-0 10. h4 Bf6 11. Bg5 Nd7 12. Bxf6 Qxf6 13. Ng5 h6 14. Nf3 c6 15. a3 e5 16. dxe5 Nxe5 17. Nxe5 Qxe5 18. Qd2 Rd8 19. e4 Nf7 20. Qc2 Re8 21. exf5 Bxf5 22. Qd2 Rad8 23. Qe3 Qd6 24. Rd1 Rxe3 25. Rxd6 Rxe2+ 26. Kxe2 Rxd6 27. g3 Ne5 28. Re1 Nc4 29. Kf3 Kf7 30. g4 Bd3 31. b3 Nxa3 32. Rd1 Ke7 33. Ra1 Nb5 34. Nxb5 Bxb5 35. Rxa7 Ba6 36. Ra8 Rd8 37. Rxd8 Kxd8 38. Kf4 Ke7 39. Ke5 Be2 40. g5 h5 41. b4 b6 42. f4 Bg4 43. Kd4 Kd6 44. Kc4 c5 45. bxc5+ bxc5 46. Kc3 Kd5 47. Kd3 Bf5+ 0-1

[Event "ROM-ch U14 Girls"]
[Site "Baile Felix"]
[Date "2017.02.03"]
[Round "2"]
[White "Apostu, Milena Maria"]
[Black "Ciolacu, Alessia Mihaela"]
[Result "1/2-1/2"]
[WhiteElo "1467"]
[BlackElo "1615"]
[PlyCount "128"]
[EventDate "2017.02.02"]
[EventType "swiss"]
[EventRounds "9"]
[EventCountry "ROU"]
[SourceTitle "CBM 176 Extra"]
[Source "ChessBase"]
[SourceDate "2017.03.02"]
[SourceVersion "1"]
[SourceVersionDate "2017.03.02"]
[SourceQuality "1"]

1. d4 d5 2. c4 e6 3. Nf3 Be7 4. Nc3 Nf6 5. Bg5 Nbd7 6. e3 0-0 7. cxd5 exd5 8. Bd3 c6 9. Qc2 Re8 10. 0-0-0 Nf8 11. Ne5 Ng6 12. h4 Nh5 13. g4 Nxe5 14. Bxh7+ Kh8 15. gxh5 Nf3 16. Bxe7 Qxe7 17. Bf5 Qf6 18. Bxc8 Raxc8 19. Ne2 Re4 20. Ng3 Rxh4 21. Rxh4 Nxh4 22. Rh1 Nf3 23. Qe2 c5 24. Qc2 b6 25. Kb1 c4 26. Qf5 Nd2+ 27. Kc1 Qxf5 28. Nxf5 Ne4 29. Rg1 Rg8 30. Ne7 Rd8 31. f3 Nf6 32. Rg5 Kh7 33. f4 Rd7 34. Nf5 g6 35. hxg6+ fxg6 36. Nh4 Rg7 37. Nf3 Kh6 38. Ne5 Ne4 39. Ng4+ Kh7 40. Rxd5 Rc7 41. Re5 Nd6 42. Nf6+ Kg7 43. Ne8+ Nxe8 44. Rxe8 Kf7 45. Re5 c3 46. bxc3 Rxc3+ 47. Kb2 Rc7 48. d5 Rc8 49. e4 Rc7 50. f5 gxf5 51. Rxf5+ Ke7 52. e5 Rc5 53. e6 Kd6 54. Kb3 a6 55. a4 a5 56. Rh5 Rc8 57. Rh6 Kxd5 58. e7 Re8 59. Rxb6 Rxe7 60. Rb5+ Kc6 61. Rxa5 Kb6 62. Rb5+ Ka6 63. Rh5 Re4 64. a5 Rf4 1/2-1/2

[Event "ROM-ch U14 Girls"]
[Site "Calimanesti Caciulata"]
[Date "2016.04.18"]
[Round "1"]
[White "Apostu, Milena Maria"]
[Black "Schiopu, Andreea Alexandra"]
[Result "1-0"]
[WhiteElo "1293"]
[BlackElo "1599"]
[PlyCount "87"]
[EventDate "2016.04.18"]
[EventType "swiss"]
[EventRounds "9"]
[EventCountry "ROU"]
[SourceTitle "CBM 172 Extra"]
[Source "ChessBase"]
[SourceDate "2016.06.21"]
[SourceVersion "1"]
[SourceVersionDate "2016.06.21"]
[SourceQuality "1"]

1. c4 e6 2. Nf3 Nf6 3. d4 d5 4. Nc3 c5 5. cxd5 exd5 6. g3 Nc6 7. Bg2 Be7 8. dxc5 Bxc5 9. e3 0-0 10. 0-0 Re8 11. Ne2 Qb6 12. a3 a5 13. b3 Bg4 14. Bb2 Ne7 15. Ned4 Rad8 16. Qd3 Ng6 17. h3 Bd7 18. Rfd1 Ne4 19. Rac1 f6 20. Qc2 Rc8 21. Qd3 Ne7 22. Nd2 Nxd2 23. Rxd2 Red8 24. Rcd1 Bxd4 25. Bxd4 Qc7 26. e4 dxe4 27. Bxe4 f5 28. Bg2 Bc6 29. Qe3 Re8 30. Bb6 Qb8 31. Qe6+ Kf8 32. Bc5 Qc7 33. Bd6 Qd7 34. Qxd7 Bxd7 35. Bxe7+ Rxe7 36. Rxd7 Rxd7 37. Rxd7 Rc3 38. Rxb7 Rc1+ 39. Kh2 Rc3 40. Rb5 g6 41. Bd5 Rc2 42. Kg2 Ke7 43. Rxa5 Kd6 44. Bc4 1-0

[Event "ROM-ch U12 Girls"]
[Site "Calimanesti"]
[Date "2015.04.05"]
[Round "8"]
[White "Lupascu, Diana Elena"]
[Black "Apostu, Milena Maria"]
[Result "1-0"]
[WhiteElo "1504"]
[BlackElo "1422"]
[PlyCount "81"]
[EventDate "2015.03.30"]
[EventType "swiss"]
[EventRounds "9"]
[EventCountry "ROU"]
[SourceTitle "CBM 165 Extra"]
[Source "ChessBase"]
[SourceDate "2015.04.21"]
[SourceVersion "1"]
[SourceVersionDate "2015.04.21"]
[SourceQuality "1"]

1. d4 d5 2. Nf3 Nf6 3. c4 dxc4 4. Qa4+ Nbd7 5. Qxc4 e6 6. g3 a6 7. Bg2 c5 8. 0-0 b5 9. Qc2 Bb7 10. dxc5 Bxc5 11. Nc3 0-0 12. Rd1 Qc7 13. a3 a5 14. Qb3 b4 15. Na4 Bd5 16. Qd3 Be4 17. Qd2 Bc2 18. Nxc5 Bxd1 19. Nxe6 fxe6 20. Qxd1 Rac8 21. Be3 Qc2 22. Qd6 Qxb2 23. Qxe6+ Kh8 24. Bd4 Rfe8 25. Qxe8+ Rxe8 26. Bxb2 Rxe2 27. Bxf6 Nxf6 28. axb4 axb4 29. Ra8+ Ng8 30. Bf1 Rc2 31. Ng5 g6 32. Ra7 Nf6 33. Nf7+ Kg8 34. Nh6+ Kh8 35. Rb7 Rb2 36. Nf7+ Kg8 37. Bc4 Kf8 38. Ng5 h6 39. Rf7+ Ke8 40. Rxf6 hxg5 41. Rxg6 1-0

[Event "ROM-ch U12 Girls"]
[Site "Calimanesti"]
[Date "2015.04.02"]
[Round "4"]
[White "Pirvu, Andreea"]
[Black "Apostu, Milena Maria"]
[Result "0-1"]
[WhiteElo "1173"]
[BlackElo "1422"]
[PlyCount "152"]
[EventDate "2015.03.30"]
[EventType "swiss"]
[EventRounds "9"]
[EventCountry "ROU"]
[SourceTitle "CBM 165 Extra"]
[Source "ChessBase"]
[SourceDate "2015.04.21"]
[SourceVersion "1"]
[SourceVersionDate "2015.04.21"]
[SourceQuality "1"]

1. d4 d5 2. Nf3 c5 3. e3 cxd4 4. exd4 Nc6 5. Bd3 Bg4 6. c3 Nf6 7. Nbd2 e6 8. 0-0 Bd6 9. h3 Bh5 10. Qc2 0-0 11. Re1 Qc7 12. Ng5 Bg6 13. Bxg6 hxg6 14. Nf1 b5 15. a3 a5 16. Bd2 b4 17. Nf3 Ne4 18. cxb4 Nxd2 19. N1xd2 axb4 20. axb4 Nxb4 21. Qxc7 Bxc7 22. Rec1 Bd6 23. g3 Nd3 24. Rcb1 Rxa1 25. Rxa1 Nxb2 26. Rb1 Nc4 27. Nxc4 dxc4 28. Rc1 Rc8 29. Kf1 c3 30. Ne1 Bb4 31. Nd3 Ba5 32. Ke2 Bb6 33. Nc5 Ba5 34. Kd3 Kf8 35. Na4 c2 36. Rxc2 Rxc2 37. Kxc2 Be1 38. f3 Bxg3 39. Kd3 Ke7 40. Ke4 f5+ 41. Ke3 Kf6 42. Nb6 Kg5 43. d5 exd5 44. Nxd5 Kh4 45. Ne7 f4+ 46. Ke2 g5 47. Ng6+ Kxh3 48. Ne5 Kg2 49. Kd3 Be1 50. Ke2 Bc3 51. Ng4 Kg3 52. Nf2 Bd4 53. Ne4+ Kh4 54. Nd6 g6 55. Ne4 g4 56. fxg4 Kxg4 57. Nd2 g5 58. Nf3 Bb6 59. Nh2+ Kg3 60. Nf1+ Kg2 61. Nd2 g4 62. Ne4 f3+ 63. Ke1 f2+ 64. Nxf2 Bxf2+ 65. Ke2 Ba7 66. Ke1 g3 67. Ke2 Kh2 68. Kf1 g2+ 69. Ke2 g1Q 70. Kd2 Qg3 71. Kc2 Qe3 72. Kb2 Qd3 73. Ka2 Qc3 74. Kb1 Qd2 75. Ka1 Bd4+ 76. Kb1 Qb2# 0-1

[Event "ROM-ch U12 Girls"]
[Site "Calimanesti"]
[Date "2015.03.30"]
[Round "1"]
[White "Apostu, Milena Maria"]
[Black "Maniul, Francesca Medeea"]
[Result "1-0"]
[WhiteElo "1422"]
[BlackElo "1043"]
[PlyCount "81"]
[EventDate "2015.03.30"]
[EventType "swiss"]
[EventRounds "9"]
[EventCountry "ROU"]
[SourceTitle "CBM 165 Extra"]
[Source "ChessBase"]
[SourceDate "2015.04.21"]
[SourceVersion "1"]
[SourceVersionDate "2015.04.21"]
[SourceQuality "1"]

1. e4 d6 2. d4 Nf6 3. Nc3 g6 4. Be3 Bg7 5. f3 c6 6. Qd2 b5 7. Nge2 Nbd7 8. Bh6 0-0 9. h4 Re8 10. h5 Nf8 11. hxg6 fxg6 12. Bxg7 Kxg7 13. Qh6+ Kh8 14. Nf4 e5 15. Nxg6+ Nxg6 16. Qxg6 Qe7 17. dxe5 dxe5 18. Rh6 Ng8 19. Rh1 Nf6 20. Qh6 Qg7 21. Qxg7+ Kxg7 22. 0-0-0 a5 23. Be2 Be6 24. Kb1 Reb8 25. Rd6 Bd7 26. Rhd1 Be8 27. Re6 Kf7 28. Rxe5 b4 29. Na4 Nd7 30. Bc4+ Kf8 31. Rf5+ Ke7 32. Nc5 Nxc5 33. Rxc5 Rc8 34. e5 Bg6 35. Rd6 Rd8 36. Rdxc6 Ke8 37. Rb6 Rd6 38. Rxd6 Rd8 39. Rxd8+ Kxd8 40. Kc1 Ke7 41. Kd2 1-0

[Event "ROM-ch U12 Girls"]
[Site "Calimanesti"]
[Date "2014.04.09"]
[Round "4"]
[White "Apostu, Milena Maria"]
[Black "Mincu, Smaranda Stanca Ioa"]
[Result "0-1"]
[WhiteElo "1090"]
[BlackElo "1497"]
[PlyCount "82"]
[EventDate "2014.04.06"]
[EventType "swiss"]
[EventRounds "9"]
[EventCountry "ROU"]
[SourceTitle "CBM 160 Extra"]
[Source "ChessBase"]
[SourceDate "2014.07.01"]
[SourceVersion "1"]
[SourceVersionDate "2014.07.01"]
[SourceQuality "1"]

1. e4 c5 2. Nf3 g6 3. d4 cxd4 4. Nxd4 Nc6 5. c4 Bg7 6. Nc2 Nf6 7. Nc3 0-0 8. Be2 d6 9. Be3 Be6 10. 0-0 Rc8 11. Nd5 Nxe4 12. Rb1 Ne5 13. b3 Bxd5 14. cxd5 Nc3 15. Qd2 Nxb1 16. Rxb1 Nd7 17. Bd3 Nb6 18. Be2 Qc7 19. Bd1 Qc3 20. Qxc3 Rxc3 21. Nb4 a5 22. Bxb6 axb4 23. Ba5 Rfc8 24. Kf1 R3c5 25. Bxb4 Rxd5 26. Bf3 Rb5 27. Bd2 Rc2 28. Be2 Re5 29. Be3 Rxa2 30. Rc1 h5 31. g4 h4 32. Rc7 h3 33. Rc8+ Kh7 34. Bc4 d5 35. Bd3 Ra1+ 36. Ke2 d4 37. Bc4 dxe3 38. fxe3 Bh6 39. Bxf7 Rxe3+ 40. Kf2 Ra2+ 41. Kf1 Rf3+ 0-1

[Event "ROM-ch U12 Girls"]
[Site "Calimanesti"]
[Date "2014.04.06"]
[Round "1"]
[White "Azamfirei, Smaranda Georgiana"]
[Black "Apostu, Milena Maria"]
[Result "1-0"]
[WhiteElo "1438"]
[BlackElo "1090"]
[PlyCount "80"]
[EventDate "2014.04.06"]
[EventType "swiss"]
[EventRounds "9"]
[EventCountry "ROU"]
[SourceTitle "CBM 160 Extra"]
[Source "ChessBase"]
[SourceDate "2014.07.01"]
[SourceVersion "1"]
[SourceVersionDate "2014.07.01"]
[SourceQuality "1"]

1. d4 d5 2. Nf3 Nf6 3. g3 c6 4. Bg2 Bg4 5. 0-0 Nbd7 6. Nbd2 e6 7. Re1 c5 8. e3 Ne4 9. c4 Nxd2 10. Qxd2 dxc4 11. Qc3 Bf5 12. Nh4 Rb8 13. Nxf5 exf5 14. dxc5 Nxc5 15. Qxc4 Be7 16. Bd5 0-0 17. Rd1 Qb6 18. Qc2 Qg6 19. Bg2 Rfc8 20. Qe2 Qg4 21. Bf3 Qg6 22. Bd2 Na4 23. Qb5 Nc5 24. Rac1 b6 25. b4 Ne4 26. Rxc8+ Rxc8 27. Qd7 Qe6 28. Qxe6 fxe6 29. Bxe4 fxe4 30. Be1 Rc2 31. Kg2 Rxa2 32. Rd4 Ra4 33. Rxe4 Kf7 34. Kf3 Bf6 35. b5 Ra2 36. Rc4 Ra3 37. Ke4 Ke7 38. h4 Kd6 39. Bb4+ Kd7 40. Bxa3 Bd4 1-0